000 00691nam a2200289Ia 4500
005 20260324130203.0
008 008 260324s9999 xx 000 0 eng d
020 _a9780203932872
037 _aEBOOK
040 _aCRL
040 _beng
040 _cCRL
041 _2eng
041 _aeng
084 _qCRL
100 _aGlenn Palmer
_91180831
245 0 _aCauses and Consequences of International Conflict
245 0 _bData, Methods and Theory
260 _bTaylor and Francis
260 _c2008
365 _a
365 _b150
856 _uhttp://www.taylorfrancis.com/books/9780203932872
942 _cEBOOK
999 _c1776778
_d1776778